000 00226 a2200097 4500
001 47899
100 _aSnyder L L
245 _aThe World in the Twentieth Century
260 _aLondon
_bVan Nostrand
_c
090 _c30894
_d30894
942 _aNUST-CAE
_cM
_c23218
999 _c282972
_d282972